[Event "Pskov 5th op"]
[Site "Pskov"]
[Date "2008.06.27"]
[Round "6.16"]
[White "Bulatov, Mihail"]
[Black "Danilova, Tatiana"]
[Result "1-0"]
[WhiteElo "1927"]
[BlackElo "1857"]
[PlyCount "71"]
[EventDate "2008.06.22"]
[EventType "swiss"]
[EventRounds "9"]
[EventCountry "RUS"]
[SourceTitle "EXT 2022"]
[Source "ChessBase"]
[SourceDate "2021.10.06"]
[SourceVersion "1"]
[SourceVersionDate "2021.10.06"]
[SourceQuality "1"]

1. d4 e6 2. c4 Nf6 3. Nf3 d5 4. g3 Be7 5. Bg2 0-0 6. 0-0 Nbd7 7. Qc2 Ne4 8. Nc3 Nxc3 9. Qxc3 c6 10. Bf4 Bf6 11. Qd3 Re8 12. e4 dxc4 13. Qxc4 e5 14. dxe5 Nxe5 15. Nxe5 Bxe5 16. Bxe5 Rxe5 17. Qc3 Re8 18. f4 Qb6+ 19. Kh1 Bg4 20. h3 Be2 21. Rfe1 Qf2 22. Qc2 Qxg3 23. Rxe2 Qxf4 24. Rf1 Qc7 25. Ref2 Re7 26. Qb3 Rf8 27. Qf3 Re6 28. Qh5 Rh6 29. Qg5 Rg6 30. Qf4 Qe7 31. e5 Re6 32. Re2 Re8 33. Rfe1 Qc7 34. Bf3 f6 35. Qc4 f5 36. Bd5 1-0